000 00662nas a2200217 4500
001 BR9000479
003 BR-BrBNA
005 20231205091806.0
007 ta
008 230509b bl.|||p| |||| 00| 00por d
040 _aBR-BrBNA
_bpor
_cBiblioteca Nacional de Agricultura
041 _a(Pt)
072 _aF01
100 1 _aGuedes, R.R.
245 1 _aLista preliminar das angiospermas ocoorrentes no Raso da Catarina e arredores, Bahia
650 _aARVORE ANGIOSPERMA
650 _aBAHIA
773 0 _tRodriguesia (Brazil)
_xISSN 0370-6583
_g(Jan-Jun 1985), v. 37(62) p. 5-8
_wBR9000479
909 _a202311
_bLúcia
_c55
_dLúcia Elande
942 _2AGRIS
_n0
_cANA
999 _c127364
_d127364